Énergie La voie francaise
Salvato in:
| Autore principale: | |
|---|---|
| Natura: | Libro |
| Lingua: | Undetermined |
| Pubblicazione: |
Paris
Ministère de L'industrie
1980
|
| Soggetti: | |
| Tags: |
Aggiungi Tag
Nessun Tag, puoi essere il primo ad aggiungerne! !
|
| Thư viện lưu trữ: | Trung tâm Học liệu Trường Đại học Cần Thơ |
|---|
| LEADER | 00537nam a2200205Ia 4500 | ||
|---|---|---|---|
| 001 | CTU_85896 | ||
| 008 | 210402s9999 xx 000 0 und d | ||
| 082 | |a 333.79 | ||
| 082 | |b M665 | ||
| 100 | |a Ministère de L'industrie | ||
| 245 | 0 | |a Énergie | |
| 245 | 0 | |b La voie francaise | |
| 245 | 0 | |c Ministère de L'industrie | |
| 260 | |a Paris | ||
| 260 | |b Ministère de L'industrie | ||
| 260 | |c 1980 | ||
| 650 | |a Power resources | ||
| 650 | |z France | ||
| 904 | |i Năm | ||
| 980 | |a Trung tâm Học liệu Trường Đại học Cần Thơ | ||